Cross Cultural Management Text and Cases (Record no. 4756)

MARC details
000 -LEADER
fixed length control field 00333nam a2200133Ia 4500
008 - FIXED-LENGTH DATA ELEMENTS--GENERAL INFORMATION
fixed length control field 191201s2010 xx 000 0 und d
082 ## - DEWEY DECIMAL CLASSIFICATION NUMBER
Classification number 658.3
Item number BHC
100 ## - MAIN ENTRY--PERSONAL NAME
Personal name BHATTACHARYYA,Deepak.Kumar
245 #0 - TITLE STATEMENT
Title Cross Cultural Management Text and Cases
260 ## - PUBLICATION, DISTRIBUTION, ETC. (IMPRINT)
Place of publication, distribution, etc N. delhi
Name of publisher, distributor, etc PHI
Date of publication, distribution, etc 2010
300 ## - PHYSICAL DESCRIPTION
Extent 344
650 ## - SUBJECT ADDED ENTRY--TOPICAL TERM
Topical term or geographic name as entry element MBA
942 ## - ADDED ENTRY ELEMENTS (KOHA)
Source of classification or shelving scheme Dewey Decimal Classification
Koha item type Text Books
Holdings
Withdrawn status Lost status Source of classification or shelving scheme Damaged status Not for loan Collection code Home library Current library Date acquired Source of acquisition Cost, normal purchase price Bill Number Total Checkouts Full call number Acc. no. / Barcode Date last seen Bill Date Koha item type Checked out Date last borrowed
    Dewey Decimal Classification     MBA PIET C-LIBRARY PIET C-LIBRARY 17/02/2010 Brijwasi books 325.00 1942   658.3 BHC 14703 04/12/2019 06/02/2010 Text Books    
    Dewey Decimal Classification     MBA PIET C-LIBRARY PIET C-LIBRARY 01/02/2011 The book company 325.00 6235 2 658.3 BHC 17223 13/01/2024 28/01/2011 Text Books 11/07/2024 13/01/2024
    Dewey Decimal Classification     MBA PIET C-LIBRARY PIET C-LIBRARY 01/02/2011 The book company 325.00 6235 2 658.3 BHC 17224 13/01/2024 28/01/2011 Text Books 11/07/2024 13/01/2024
    Dewey Decimal Classification     MBA PIET C-LIBRARY PIET C-LIBRARY 06/04/2012 IBH, New Delhi 325.00 21407   658 BHC 19202 04/12/2019 31/03/2012 Text Books    
    Dewey Decimal Classification     MBA PIET C-LIBRARY PIET C-LIBRARY 06/04/2012 IBH, New Delhi 325.00 21407 1 658.3 BHC 19203 27/07/2022 31/03/2012 Text Books 10/08/2022 27/07/2022

Design & Developed by: PIET Central Library
R70 Miles Stone Pattikalyana Samalkha Panipat 132102
mail ID :- [email protected], Phone No:- 0180-2569700 Ex.216